Caricamento...
Aristotle's two systems /
Each of the two major approaches to Aristotle--the unitarian, which understands his work as forming a single, unified system, and the developmentalist, which seeks a sequence of developing ideas--has inherent limitations. This book proposes a synthetic view of Aristotle that sees development as a ch...
| Autore principale: | |
|---|---|
| Natura: | Printed Book |
| Lingua: | English |
| Pubblicazione: |
Oxford [Oxfordshire] : New York :
Clarendon Press ; Oxford University Press,
1987.
|
| Soggetti: | |
| Accesso online: | http://www.loc.gov/catdir/enhancements/fy0639/87007764-d.html |
| LEADER | 01681pam a2200229 a 4500 | ||
|---|---|---|---|
| 008 | 870320s1987 enka b 001 0 eng | ||
| 020 | |a 0198249705 | ||
| 082 | 0 | 0 | |a 185 |2 19 |
| 100 | 1 | |a Graham, Daniel W. | |
| 245 | 1 | 0 | |a Aristotle's two systems / |c Daniel W. Graham. |
| 260 | |a Oxford [Oxfordshire] : |b Clarendon Press ; |a New York : |b Oxford University Press, |c 1987. | ||
| 300 | |a xiii, 359 p. : |b ill. ; |c 22 cm. | ||
| 500 | |a Includes indexes. | ||
| 504 | |a Bibliography: p. [333]-346. | ||
| 520 | |a Each of the two major approaches to Aristotle--the unitarian, which understands his work as forming a single, unified system, and the developmentalist, which seeks a sequence of developing ideas--has inherent limitations. This book proposes a synthetic view of Aristotle that sees development as a change between systematic theories. Setting theories of the so-called logical works beside theories of the physical and metaphysical treatises, Graham shows that Aristotle's doctrines fall into two distinct systems of philosophies that are genetically related. This study--the first major alternative to the unitarian approach since Jaeger pioneered the developmentalist method in 1923--provides a sweeping reappraisal of Aristotle's science and metaphysics and a new approach to the problem of substance presented in the Metaphysics. | ||
| 600 | 0 | 0 | |a Aristotle. |
| 653 | |a Aristotle | ||
| 856 | 4 | 2 | |u http://www.loc.gov/catdir/enhancements/fy0639/87007764-d.html |
| 906 | |a 7 |b cbc |c orignew |d 1 |e ocip |f 19 |g y-gencatlg | ||
| 942 | |c BK | ||
| 999 | |c 274862 |d 274862 | ||
| 952 | |0 0 |1 0 |2 ddc |4 0 |6 185_000000000000000_GRA_A |7 0 |9 309286 |a PHL |b PHL |c ST1 |d 2015-03-19 |i 2753 |l 0 |o 185 GRA/A |p PHL2753 |r 2015-03-19 |y BK | ||